000 01285nam a2200325 i 4500
001 186184
003 SpMaBN
005 20250828023909.0
008 160915s1998 sp |||| | spa d
020 _a84-7960-224-4
080 _a37.025
100 1 _aLipman, Matthew,
_d1922-2010
_9160876
245 1 3 _aLa filosofía en el aula /
_cMattew Lipman [i.e. Matthew], Ann Margaret Sharp, Frederick S. Oscanyan ; [revisión final de la traducción de Félix García Moriyón].
250 _a2ª ed.
260 _aMadrid :
_bEdiciones de la Torre,
_c1998.
300 _a380 p. ;
_c24 cm.
490 1 _aProyecto didáctico Quirón ;
_v31.
_aPrograma filosofía para niños
504 _aBibliografía: p. 373-380.
650 0 7 _aFilosofía-
_xDidáctica.
_912807
650 0 4 _aFilosofía-
_xEnseñanza.
_912809
650 0 7 _aEducación en valores
_2embne
_912101
650 0 4 _aEstrategias de aprendizaje.
_912560
700 1 _aSharp, Ann Margaret.
_9160877
700 1 _aOscanyan, F.
_9160878
700 1 _aGarcía Moriyón, Félix.
_955004
830 0 _aProyecto didáctico Quirón ;
_v31.
_aPrograma filosofía para niños
_9225366
852 _aES-MaACL
_jA-13933
_9193237
_bR.151254
_cDEPO1
_dOlim: N-6933
942 _2udc
_cMONOGRAFIA
999 _c186184
_d186184